<?xml version='1.0' encoding='UTF-8'?>
  <record xmlns="http://www.loc.gov/MARC21/slim">
    <leader>00000cam a22000007i 4500</leader>
    <controlfield tag="001">ocm65753349</controlfield>
    <controlfield tag="003">OCoLC</controlfield>
    <controlfield tag="005">20250125180000.1</controlfield>
    <controlfield tag="008">900412s1738    ne            000 0 mul d</controlfield>
    <datafield tag="040" ind1=" " ind2=" ">
      <subfield code="a">NLGGC</subfield>
      <subfield code="b">dut</subfield>
      <subfield code="e">fobidrtb</subfield>
      <subfield code="c">NLGGC</subfield>
      <subfield code="d">OCLCL</subfield>
      <subfield code="d">OCLCQ</subfield>
    </datafield>
    <datafield tag="029" ind1="0" ind2=" ">
      <subfield code="a">NLGGC</subfield>
      <subfield code="b">082339686</subfield>
    </datafield>
    <datafield tag="035" ind1=" " ind2=" ">
      <subfield code="a">(OCoLC)65753349</subfield>
    </datafield>
    <datafield tag="100" ind1="1" ind2=" ">
      <subfield code="a">Ladmiral, Joannes.</subfield>
    </datafield>
    <datafield tag="245" ind1="1" ind2="0">
      <subfield code="a">Icon durae matris in concavâ superficie visae, ex capite foetus humani ... ad objectum artificiosissimè praeparatum à ... Fred. Ruyschio, ... /</subfield>
      <subfield code="c">Delineata, &amp; coloribus distincta typis impressa à Joanne Ladmiral.</subfield>
    </datafield>
    <datafield tag="260" ind1=" " ind2=" ">
      <subfield code="a">Prostat Amstelodami :</subfield>
      <subfield code="b">apud Jacobum Graal &amp; Henricum de Leth ;</subfield>
      <subfield code="a">Lugduni Batavorum :</subfield>
      <subfield code="b">apud Theodorum Haak,</subfield>
      <subfield code="c">1738.</subfield>
    </datafield>
    <datafield tag="300" ind1=" " ind2=" ">
      <subfield code="a">2 bln, ongepag. ;</subfield>
      <subfield code="c">4°</subfield>
    </datafield>
    <datafield tag="336" ind1=" " ind2=" ">
      <subfield code="a">tekst</subfield>
      <subfield code="b">txt</subfield>
      <subfield code="2">rdacontent/dut</subfield>
    </datafield>
    <datafield tag="337" ind1=" " ind2=" ">
      <subfield code="a">zonder medium</subfield>
      <subfield code="b">n</subfield>
      <subfield code="2">rdamedia/dut</subfield>
    </datafield>
    <datafield tag="338" ind1=" " ind2=" ">
      <subfield code="a">band</subfield>
      <subfield code="b">nc</subfield>
      <subfield code="2">rdacarrier/dut</subfield>
    </datafield>
    <datafield tag="500" ind1=" " ind2=" ">
      <subfield code="a">Met titelvignet en 1 plt. De plaat is een mezzotint in kleuren gedrukt door Jan Ladmiral, het titelvignet is door hem gegraveerd. De verklaring van de plaat in het Latijn, Frans en Nederlands.</subfield>
    </datafield>
    <datafield tag="510" ind1="0" ind2=" ">
      <subfield code="a">BMN I: 99. Choulant/Frank (Hist. anat. illus.) p.268</subfield>
    </datafield>
    <datafield tag="700" ind1="1" ind2=" ">
      <subfield code="a">Ruysch, Frederik.</subfield>
    </datafield>
    <datafield tag="758" ind1=" " ind2=" ">
      <subfield code="a">Icon durae matris in concavâ superficie visae, ex capite foetus humani ... ad objectum artificiosissimè praeparatum à ... Fred. Ruyschio (Text)</subfield>
      <subfield code="1">https://id.oclc.org/worldcat/entity/E39PCH8yMx6tCdhJDdhQVRJhpP</subfield>
      <subfield code="4">https://id.oclc.org/worldcat/ontology/hasWork</subfield>
    </datafield>
    <datafield tag="936" ind1=" " ind2=" ">
      <subfield code="a">BATCHLOAD</subfield>
    </datafield>
  </record>